<?xml version="1.0" encoding="UTF-8"?>
<collection xmlns="http://www.loc.gov/MARC21/slim">
    <record>
        <controlfield tag="001">10914</controlfield>
        <controlfield tag="005">20150325140209.0</controlfield>
        <datafield tag="037" ind1=" " ind2=" ">
            <subfield code="a">TAZ-TFG-2013-363</subfield>
        </datafield>
        <datafield tag="041" ind1=" " ind2=" ">
            <subfield code="a">spa</subfield>
        </datafield>
        <datafield tag="100" ind1="1" ind2=" ">
            <subfield code="a">Rubio Regodón, Pablo</subfield>
        </datafield>
        <datafield tag="245" ind1="0" ind2="0">
            <subfield code="a">Plan de intervención en fisioterapia en una rotura de ligamento cruzado anterior y desgarro del menisco interno</subfield>
        </datafield>
        <datafield tag="260" ind1=" " ind2=" ">
            <subfield code="a">Zaragoza</subfield>
            <subfield code="b">Universidad de Zaragoza</subfield>
            <subfield code="c">2013</subfield>
        </datafield>
        <datafield tag="506" ind1=" " ind2=" ">
            <subfield code="a">by-nc-sa</subfield>
            <subfield code="b">Creative Commons</subfield>
            <subfield code="c">3.0</subfield>
            <subfield code="u">http://creativecommons.org/licenses/by-nc-sa/3.0/</subfield>
        </datafield>
        <datafield tag="520" ind1=" " ind2=" ">
            <subfield code="a">Introducción: el ligamento cruzado anterior (LCA) es una estructura intra-articular con una disposición antero-posterior. La lesión de LCA tiene una alta prevalencia en la población y puede provocar episodios de inestabilidad e incapacidad importantes. No es usual encontrarse una lesión del LCA aislada, sino con lesiones asociadas (meniscos, ligamentos laterales, fracturas condrales…). En la actualidad suele tratarse mediante cirugía, la técnica más utilizada es la artroscopia. En la rehabilitación tras la cirugía es clave reducir el edema y el dolor, la movilidad precoz, el fortalecimiento muscular, y la mejora del control neuromuscular. Objetivo: diseñar un plan de intervención en fisioterapia para devolver la funcionalidad a la rodilla de un paciente intervenido quirúrgicamente de LCA y menisco interno. Metodología: caso clínico intrasujeto n=1 que sigue el modelo de diseño A/B longitudinal, prospectivo. El plan de intervención está diseñado para tratar los problemas acontecidos tras la cirugía (el dolor, la inflamación, la atrofia…), así como para devolver la funcionalidad y la movilidad de la rodilla. Desarrollo: los resultados obtenidos son favorables, se observa una disminución del dolor, un aumento del rango articular, un aumento de la fuerza muscular y un mejor control propioceptivo. Conclusión: se puede afirmar que tras el tratamiento realizado se consigue devolver la funcionalidad de la rodilla y la readaptación a la vida laboral del paciente.</subfield>
        </datafield>
        <datafield tag="521" ind1=" " ind2=" ">
            <subfield code="a">Graduado en Fisioterapia</subfield>
        </datafield>
        <datafield tag="540" ind1=" " ind2=" ">
            <subfield code="a">Derechos regulados por licencia Creative Commons</subfield>
        </datafield>
        <datafield tag="653" ind1="1" ind2=" ">
            <subfield code="a">ligamento cruzado anterior</subfield>
        </datafield>
        <datafield tag="653" ind1="1" ind2=" ">
            <subfield code="a">rehabilitación</subfield>
        </datafield>
        <datafield tag="653" ind1="1" ind2=" ">
            <subfield code="a">lesión cruzado anterior</subfield>
        </datafield>
        <datafield tag="653" ind1="1" ind2=" ">
            <subfield code="a">triada de O´Donoghue</subfield>
        </datafield>
        <datafield tag="653" ind1="1" ind2=" ">
            <subfield code="a">lesión LCA</subfield>
        </datafield>
        <datafield tag="653" ind1="1" ind2=" ">
            <subfield code="a">desgarro menisco interno</subfield>
        </datafield>
        <datafield tag="700" ind1=" " ind2=" ">
            <subfield code="a">Bardina Tremps, Enrique</subfield>
            <subfield code="e">dir.</subfield>
        </datafield>
        <datafield tag="700" ind1=" " ind2=" ">
            <subfield code="a">Fernández Sola, Luis</subfield>
            <subfield code="e">dir.</subfield>
        </datafield>
        <datafield tag="710" ind1="2" ind2=" ">
            <subfield code="a">Universidad de Zaragoza</subfield>
            <subfield code="b">Fisiatría y Enfermería</subfield>
            <subfield code="c">Fisioterapia</subfield>
        </datafield>
        <datafield tag="856" ind1="0" ind2=" ">
            <subfield code="f">611053@celes.unizar.es</subfield>
        </datafield>
        <datafield tag="856" ind1="4" ind2=" ">
            <subfield code="s">1140888</subfield>
            <subfield code="u">http://zaguan.unizar.es/record/10914/files/TAZ-TFG-2013-363.pdf</subfield>
            <subfield code="y">Memoria (spa)</subfield>
        </datafield>
        <datafield tag="909" ind1="C" ind2="O">
            <subfield code="o">oai:zaguan.unizar.es:10914</subfield>
            <subfield code="p">trabajos-fin-grado</subfield>
            <subfield code="p">driver</subfield>
        </datafield>
        <datafield tag="950" ind1=" " ind2=" ">
            <subfield code="a"></subfield>
        </datafield>
        <datafield tag="980" ind1=" " ind2=" ">
            <subfield code="a">TAZ</subfield>
            <subfield code="b">TFG</subfield>
            <subfield code="c">EUCS</subfield>
        </datafield>
    </record>

    
</collection>